Indywidualni Mistrzowie Świata w Skokach Narciarskich - Statystyki

Ogólne statystyki
  • Ten quiz został rozwiązany 45 razy
  • Średni wynik to 20 z 26
Statystyki odpowiedzi
Mistrz % Poprawnych
Skocznia Duża Predazzo 2003 Adam Małysz
100%
Skocznia Normalna Lahti 2001 Adam Małysz
100%
Skocznia Normalna Predazzo 2003 Adam Małysz
100%
Skocznia Normalna Sapporo 2007 Adam Małysz
100%
Skocznia Duża Predazzo 2013 Kamil Stoch
98%
Skocznia Duża Lahti 2017 Stefan Kraft
95%
Skocznia Duża Oberstdorf 2021 Stefan Kraft
95%
Skocznia Normalna Lahti 2017 Stefan Kraft
95%
Skocznia Normalna Oberstdorf 2021 Piotr Żyła
93%
Skocznia Normalna Planica 2023 Piotr Żyła
93%
Skocznia Normalna Innsbruck 2019 Dawid Kubacki
88%
Skocznia Duża Trondheim 2025 Domen Prevc
85%
Skocznia Duża Oberstdorf 2005 Janne Ahonen
83%
Skocznia Duża Oslo 2011 Gregor Schlierenzauer
80%
Skocznia Normalna Oslo 2011 Thomas Morgenstern
78%
Skocznia Duża Falun 2015 Severin Freund
71%
Skocznia Normalna Trondheim 2025 Marius Lindvik
68%
Skocznia Duża Sapporo 2007 Simon Ammann
68%
Skocznia Duża Lahti 2001 Martin Schmitt
66%
Skocznia Duża Innsbruck 2019 Markus Eisenbichler
59%
Skocznia Duża Planica 2023 Timi Zajc
59%
Skocznia Normalna Liberec 2009 Wolfgang Loitzl
54%
Skocznia Normalna Predazzo 2013 Anders Bardal
51%
Skocznia Duża Liberec 2009 Andreas Kuttel
41%
Skocznia Normalna Falun 2015 Rune Velta
39%
Skocznia Normalna Oberstdorf 2005 Rok Benkovic
37%
Nie znaleziono quizów pasujących do podanych kryteriów
Rozkład punktacji
Procent ludzi z każdym wynikiem
Percentyl według liczby udzielonych odpowiedzi
Twoja historia wyników
Nie rozwiązałeś tego quizu